К вопросу о получении диэтилбензолов диспропорционированием моноэтилбензола; Труды Научно-исследовательского института синтетических спиртов и органических продуктов; Вып. 1

Bibliographic Details
Parent link:Труды Научно-исследовательского института синтетических спиртов и органических продуктов/ Научно-исследовательский институт синтетических спиртов и органических продуктов (НИИСС).— , 1958-1961
Вып. 1.— 1958.— С. 204-212
Other Authors: Сергеев П. Г., Арбатский А. В., Кружалов Б. Д., Хчеян Х. Е., Гришко В. З.
Language:Russian
Published: 1958
Series:Синтез спиртов и других органических продуктов
Format: Book Chapter
KOHA link:https://koha.lib.tpu.ru/cgi-bin/koha/opac-detail.pl?biblionumber=207069

MARC

LEADER 00000naa2a2200000 4500
001 207069
005 20231031190901.0
035 |a (RuTPU)RU\TPU\book\225821 
035 |a RU\TPU\book\225819 
090 |a 207069 
100 |a 20120120d1958 k y0rusy50 ca 
101 0 |a rus 
102 |a RU 
200 1 |a К вопросу о получении диэтилбензолов диспропорционированием моноэтилбензола  |f П. Г. Сергеев [и др.] 
225 1 |a Синтез спиртов и других органических продуктов 
320 |a Библиогр.: с. 211-212 (19 назв.) 
461 0 |0 (RuTPU)RU\TPU\book\207712  |t Труды Научно-исследовательского института синтетических спиртов и органических продуктов  |f Научно-исследовательский институт синтетических спиртов и органических продуктов (НИИСС)  |d 1958-1961 
463 0 |0 (RuTPU)RU\TPU\book\217081  |t Вып. 1  |v С. 204-212  |d 1958  |p 388 с. 
701 1 |a Сергеев  |b П. Г. 
701 1 |a Арбатский  |b А. В. 
701 1 |a Кружалов  |b Б. Д. 
701 1 |a Хчеян  |b Х. Е. 
701 1 |a Гришко  |b В. З. 
801 1 |a RU  |b 63413507  |c 20120119 
801 2 |a RU  |b 63413507  |c 20120120  |g RCR 
942 |c BK